000 00891pam a2200253 4500
001 8652
008 950419t19961996caua b 001 0 eng
010 _a95016822
020 _a155934427X
_qrecycled paper
100 1 _aCohen, Ronald Jay.
_0
245 1 0 _aPsychological testing and assessment :
_ban introduction to tests and measurement /
_cRonald Jay Cohen, Mark E. Swerdlik, Suzanne M. Phillips
250 _aThird edition
264 1 _aMountian View, Calif. :
_bMayfield Pub.,
_c[1996]
264 4 _c1996
300 _a798 pages :
_billustrations ;
_c25 cm
336 _atext
_btxt
_2rdacontent
337 _aunmediated
_bn
_2rdamedia
338 _avolume
_bnc
_2rdacarrier
504 _aIncludes bibliographical references and indexes
650 0 _aPsychological tests.
_0
700 1 _aPhillips, Suzanne M.
_0
700 1 _aSwerdlik, Mark E.
_0
999 _c7499
_d7499